000 00882nam a22002417a 4500
999 _c15769
_d15769
003 MIRAKIL
005 20240322161217.0
008 240322b tu ||||| |||| 00| 0 tur d
020 _a9789751634283
040 _aTR-AnCHP
_cTR-AnCHP
041 _atur
082 _a813.42
_bE23h 2019
100 _aAhmet Midhat Efendi
245 1 0 _aHenüz 17 yaşında /
_cAhmet Midhat Efendi ; hazırlayan: Nuri Sağlam
260 _aAnkara :
_bTürk Dil Kurumu,
_c2019.
300 _a272 s. ;
_c21 cm.
490 0 _aAtatürk Kültür, Dil ve Tarih Yüksek Kurumu Türk Dil Kurumu yayınları ;
_v757/1.
490 0 _aYeni Türk edebiyatı kaynak metinleri dizisi ;
_v2.
490 0 _aAhmet Midhat Efendi bütün eserleri romanlar ;
_vVII
650 0 _95539
_aTürk Romanı
856 _zDijital Nüshası için Partimizin Kütüphane Sorumlusu ile iletişime geçiniz.
942 _2ddc
_cBKS